000 00478nam a2200181Ia 4500
001 3908
005 20260306145718.0
008 260306t2002||||xx |||||||||||||| ||spa||
041 _aESP
082 _a305.42
_bE356
100 _aElósegui, María
_eAUT
245 0 _aDiez temas de género:
_bhombre y mujer ante los derechos productivos y reproductivos
260 _c2002
300 _a293 páginas :
_c21 cm.
650 _aGEN
654 _aCHU
942 _cLIB
_dJUS
_fJUS
_2ddc
_n
999 _c3908
_d3908